LEADER 02332oam 2200541M 450 001 9910715562403321 005 20191121064238.3 035 $a(CKB)5470000002512429 035 $a(OCoLC)1065738516 035 $a(OCoLC)995470000002512429 035 $a(EXLCZ)995470000002512429 100 $a20070221d1831 ua 0 101 0 $aeng 135 $aurcn||||||||| 181 $ctxt$2rdacontent 182 $cc$2rdamedia 183 $acr$2rdacarrier 200 10$aIn Senate of the United States, February 15, 1831. Mr. Knight made the following report ; which was read, and concurred in. The Committee on the Contingent Fund of the Senate, to whom was referred the memorial of S. & W. Meeteer, praying for an alteration of the mode of procuring paper used in the printing for Congress, report .. 210 1$a[Washington, D.C.] :$c[publisher not identified],$d1831. 215 $a1 online resource (1 page) 225 1 $aSenate document / 21st Congress, 2nd session. Senate ;$vno. 55 225 1 $a[United States congressional serial set ] ;$v[serial no. 204] 300 $aTitle from opening lines of text. 300 $aBatch processed record: Metadata reviewed, not verified. Some fields updated by batch processes. 300 $aFDLP item number not assigned. 606 $aGovernment publications$zUnited States 606 $aPaper 606 $aPaper products 606 $aPrinting 606 $aPublic contracts 606 $aPublishers and publishing 608 $aLegislative materials.$2lcgft 615 0$aGovernment publications 615 0$aPaper. 615 0$aPaper products. 615 0$aPrinting. 615 0$aPublic contracts. 615 0$aPublishers and publishing. 701 $aKnight$b Nehemiah Rice$f1780-1854$pAnti-Jackson (RI)$01398841 801 0$bWYU 801 1$bWYU 801 2$bOCLCO 801 2$bOCLCQ 801 2$bOCLCO 906 $aBOOK 912 $a9910715562403321 996 $aIn Senate of the United States, February 15, 1831. Mr. Knight made the following report ; which was read, and concurred in. The Committee on the Contingent Fund of the Senate, to whom was referred the memorial of S. & W. Meeteer, praying for an alteration of the mode of procuring paper used in the printing for Congress, report .$93500805 997 $aUNINA LEADER 00913nam0 22002531i 450 001 UON00529446 005 20250924121941.600 100 $a20250924d1977 |0itac50 ba 101 $aita 102 $aIT 105 $a|||| ||||| 200 1 $aˆIl ‰musical$fdi Lee Edward Stern$ga cura di Ted Sennett 210 $a[Milano]$cMilano libri$d1977 215 $a160 p.$cill.$d19 cm 606 $aFilm musicali$xStudi$3UONC071540$2FI 620 $aIT$dMilano$3UONL000005 700 1$aStern$bLee Edward$3UONV297804$0529841 712 $aMilano libri edizioni$3UONV297805$4650 801 $aIT$bSOL$c20250926$gRICA 899 $aSIBA - SISTEMA BIBLIOTECARIO DI ATENEO$2UONSI 912 $aUON00529446 950 $aSIBA - SISTEMA BIBLIOTECARIO DI ATENEO$dSI 0274 $eSI LO 4387 5 $sBuono 996 $aMusical$9903514 997 $aUNIOR